000 00709nam a22002177a 4500
003 UA-OsUOA
001 108460
007 ta
008 20141021b un ||||| |||| 00| 0 ukr d
100 _aСинютка О.М.
090 _a330(477)
_bС38
942 _cSA
040 _aUA-OsUOA
_bukr
_cUA-OsUOA
_dUA-OsUOA
245 _aКонцептуальні підходи до оцінки розвитку метрополійних функцій регіональних центрів
300 _aС.38-48
955 _a0
041 _aukr
080 _a330(477)
773 0 _w108456
_tРегіональна економіка
_dЛьвів
_d2014
_g2
650 7 _a330 Економіка взагалі
_2UDC
999 _c394307
_d394307